00488 a2200193 4500260001000000630004300010037001300053650002600066100002000092260003300112245005200145300001100197650003100208260000900239300000900248100000700257037001200264020001800276 aParis a34 - Droit. Jurisprudence. Legislation b1, Achat a3 - SCIENCES SOCIALES aMosès, Carole bLa Documentation Française aAlcoolisme et infractions contre les personnes  a465 p. aAlcoolisme : législation c1986 b24cm lFr aL 12983 a2-11-001709-0